| 000 | 00424cam a2200169ua 4500 | ||
|---|---|---|---|
| 020 | _a81 7023 821 8 | ||
| 041 |
_aeng _h |
||
| 082 |
_a634.987 _bBED/SE |
||
| 100 | _aBedell, P E . | ||
| 245 |
_aSeed science and technology / _cP E Bedell. _hTextual Documents |
||
| 250 |
_a1 / _b. |
||
| 260 |
_aMumbai : _bAllied Publishers Pvt Ltd , _c1998. |
||
| 300 | _a345 ; . | ||
| 504 | _a | ||
| 942 | _cBK | ||
| 999 |
_c8763 _d8763 |
||